LEADER 02115nam0 22004333i 450 001 LO10866677 005 20251003044213.0 100 $a20131021d1986 ||||0itac50 ba 101 | $aita 102 $ait 181 1$6z01$ai $bxxxe 182 1$6z01$an 183 1$6z01$anc$2RDAcarrier 200 1 $aChi rappresenta chi$eorganizzazione e democrazia nel sindacato$e148 luoghi di lavoro censiti$fa cura del Dipartimento organizzazione CGIL$gprefazione a cura di Gianfranco Rastrelli 210 $a[Roma!$cEdiesse$dc1986 215 $a116 p$d 22 cm. 225 | $aDatabase 312 $aTit. del dorso: Chi rappresenta chi$9CFI0022527 410 0$1001UFI0077437$12001 $aDatabase 517 1 $aChi rappresenta chi. -$9CFI0022527 606 $aSindacati$xOrganizzazione$xItalia$2FIR$3CFIC035051$9I 676 $a331.870945$9ORGANIZZAZIONE SINDACALE. ITALIA$v20 676 $a331.870945$9ORGANIZZAZIONE SINDACALE. ITALIA$v21 676 $a331.880945$9SINDACATI. Italia$v23 696 $aAssociazioni sindacali$aOrganizzazioni sindacali$aOrganizzazione sindacale$aOrganizzazione 699 $aSindacati$yAssociazioni sindacali 699 $aSindacati$yOrganizzazioni sindacali 699 $aSindacati$zOrganizzazione sindacale 699 $aOrganizzazione$zOrganizzazione 712 01$aCGIL$b : Dipartimento organizzazione$3CFIV012884 791 02$aConfederazione generale italiana del lavoro$b : Dipartimento organizzazione$3SBNV008865$zCGIL : Dipartimento organizzazione 801 3$aIT$bIT-000000$c20131021 850 $aIT-BN0095 901 $bNAP 01$cPOZZO LIB.$nVi sono collocati fondi di economia, periodici di ingegneria e scienze, periodici di economia e statistica e altri fondi comprendenti documenti di economia pervenuti in dono. 912 $aLO10866677 950 0$aBiblioteca Centralizzata di Ateneo$c1 v.$d 01POZZO LIB.ECON MON 7015$e 0101 0700194785E VMA 1 v. (Precedente collocazione 19 Ec 478)$fB $h20220727$i20220727 977 $a 01 996 $aChi rappresenta chi$92902026 997 $aUNISANNIO